| 000 | 00910cam a2200301 i 4500 | ||
|---|---|---|---|
| 001 | 2742501 | ||
| 003 | OSt | ||
| 005 | 20230620080620.0 | ||
| 008 | 780802s1977 enk b 001 0 eng | ||
| 010 | _a 78308057 | ||
| 015 | _aGB*** | ||
| 020 | _a0435890425 : 0435890433 pbk. | ||
| 040 |
_aDLC _cDLC _dDLC |
||
| 043 | _af------ | ||
| 082 | 0 | 0 |
_a309.16 _bGUT |
| 245 | 0 | 0 |
_aAfrican social studies : _ba radical reader / _cedited by Peter C. W. Gutkind and Peter Waterman. |
| 260 |
_aLondon : _bHeinemann, _c1977. |
||
| 300 |
_aix, 481 p. ; _c23 cm. |
||
| 500 | _aIncludes index. | ||
| 504 | _aBibliography: p. 423-462. | ||
| 650 | 0 |
_aRadicalism _zAfrica. |
|
| 651 | 0 |
_aAfrica _xSocial conditions. |
|
| 651 | 0 |
_aAfrica _xEconomic conditions. |
|
| 700 | 1 | _aGutkind, Peter Claus Wolfgang. | |
| 700 | 1 |
_aWaterman, Peter, _d1936- |
|
| 906 |
_a7 _bcbc _corignew _d3 _encip _f19 _gy-gencatlg |
||
| 942 |
_2ddc _cBK |
||
| 999 |
_c1441 _d1441 |
||